000 00586nam a2200229Ia 4500
003 OSt
005 20220918214623.0
006 a|||||r|||| 00| 0
007 ta
008 220917b |||||||| |||| 00| 0 eng d
024 _a138,340
037 _cTextual
040 _aARTS
_cARTS
_beng
041 _2eng
_aeng
082 _aY, M02
100 _aRitzer George
_920860
245 0 _aSociology ; a multiple paradigm science
260 _aBoston
_bAllyn & Bacon
_c1980
650 _aSOCIOLOGY
942 _hY, M02
_cTEXL
_2CC
999 _c261391
_d261391